| 000 | 00558nam a2200181 a 4500 | ||
|---|---|---|---|
| 001 | 3520 | ||
| 003 | CO-ViMGA | ||
| 008 | 141112s2004 ck r 000 u spa d | ||
| 040 |
_aCO-ViMGA _bspa _cCO-ViMGA |
||
| 082 | 0 | 4 | _a306.8 B324 |
| 100 | 1 |
_aBeck, Aaron T _953367 |
|
| 245 | 1 | 0 |
_aCon el amor no basta : _bcómo superar malentendidos, resolver conflictos y enfrentarse a los problemas de la pareja |
| 260 |
_aBarcelona : _bPaidos, _c1988 |
||
| 300 | _a449 p | ||
| 650 | 1 | 4 | _aFAMILIA - CONFLICTOS |
| 650 | 1 | 4 |
_aMATRIMONIO - CONFLICTOS _953369 |
| 942 |
_2ddc _cBK |
||
| 999 |
_c15563 _d15563 |
||